[Event "FRA-chT4 0304"]
[Site "Bretagne"]
[Date "2004.03.14"]
[Round "6"]
[White "Lepagnol, Eric"]
[Black "Landais, Romain"]
[Result "0-1"]
[WhiteElo "1740"]
[BlackElo "1890"]
[PlyCount "50"]
[EventDate "2003.10.12"]
[EventType "team"]
[EventRounds "9"]
[EventCountry "FRA"]
[SourceTitle "EXT 2005"]
[Source "ChessBase"]
[SourceDate "2004.11.15"]
[SourceVersion "1"]
[SourceVersionDate "2004.11.15"]
[SourceQuality "1"]

1. d4 d5 2. Bf4 Nf6 3. Nf3 g6 4. e3 Bg7 5. c3 0-0 6. Bd3 c5 7. 0-0 Bg4 8. h3 Bxf3 9. Qxf3 Nc6 10. Nd2 Nh5 11. Bb5 Nxf4 12. Qxf4 e5 13. dxe5 Bxe5 14. Qf3 Ne7 15. Rab1 Nf5 16. g3 d4 17. Nc4 Bc7 18. Qxb7 dxe3 19. Qg2 Rb8 20. Ba4 exf2+ 21. Rxf2 Qd3 22. Qf1 Qxf1+ 23. Rbxf1 Nxg3 24. Re1 Nf5 25. Bc2 Bg3 0-1

[Event "Plancoet op 2nd"]
[Site "Plancoet"]
[Date "2002.07.28"]
[Round "2.18"]
[White "Lepagnol, Eric"]
[Black "Le Bailly, Baptiste"]
[Result "0-1"]
[WhiteElo "1770"]
[BlackElo "2050"]
[PlyCount "82"]
[EventDate "2002.07.23"]
[EventType "swiss"]
[EventRounds "9"]
[EventCountry "FRA"]
[SourceTitle "EXT 2003"]
[Source "ChessBase"]
[SourceDate "2002.11.25"]
[SourceVersion "1"]
[SourceVersionDate "2002.11.25"]
[SourceQuality "1"]

1. d4 Nf6 2. Nf3 d5 3. Bf4 c5 4. c3 Nc6 5. e3 Qb6 6. Qc2 Ne4 7. Nbd2 Nxd2 8. Nxd2 g6 9. dxc5 Qxc5 10. Nb3 Qb6 11. Nd4 Bg7 12. Qb3 e5 13. Nxc6 bxc6 14. Qxb6 axb6 15. Bg3 Ke7 16. a3 Ba6 17. Bxa6 Rxa6 18. 0-0-0 Ra4 19. h4 f5 20. f4 Re4 21. Kd2 Bh6 22. Rde1 Ra8 23. fxe5 Ke6 24. Rhf1 Raa4 25. Rf3 Bg7 26. Ref1 h5 27. Rf4 Bxe5 28. Rxe4 Rxe4 29. Bxe5 Kxe5 30. g3 Rg4 31. Rf3 g5 32. hxg5 Rxg5 33. a4 Rg4 34. b4 c5 35. bxc5 bxc5 36. a5 Ra4 37. Rf4 Rxa5 38. Rh4 Ra2+ 39. Ke1 Rc2 40. Rxh5 Ke4 41. Rh4+ Kxe3 0-1